000 01119nam a2200253Ia 4500
001 944.050 92-GÖH ma na (17049)
003 IT-MiSPE
008 171229s9999||||xx |||||||||||||| ||und||
040 _aIT-MiSPE
_cIT-MiSPE
041 _aITALIANO
100 _aMartin Göhring
240 _aNapoleon: Vom alten zum neuen Europa
245 0 _aNapoleone
_bDalla vecchia alla nuova Europa
250 _a1a ed. (v)
260 _aRoma
_bEd. Paoline
_c1969
300 _a197 p.
_c18 cm
490 _aStoria e personalità
_v1
501 _aEdizioni San Paolo srl - Piazza Soncino, 5 - 20092 CINISELLO BALSAMO (MI) (non commercial uses only) ® Copyright 2018
520 _aTav.
700 _aGiuseppe Mancinelli
_g(traduzione)
942 _cBK
957 _71
999 _a3433
_bNO
_g Copie: 1
_c357084
_d357084